000 00312nam a22001337a 4500
005 20231115152605.0
008 231115b ||||| |||| 00| 0 eng d
040 _cAL
041 _aEnglish
082 _223
_a530
_bRAOP
100 _a RAO (M A R)
_9141594
245 _aPre University Physics
942 _2ddc
_cSG
999 _c229199
_d229199